The autoimmune diseases (Record no. 30808)

MARC details
000 -LEADER
fixed length control field 00634nam a2200169 a 4500
008 - FIXED-LENGTH DATA ELEMENTS--GENERAL INFORMATION
fixed length control field 151208s2006 ||||||||||||||||| || u
020 ## - INTERNATIONAL STANDARD BOOK NUMBER
International Standard Book Number 9780125959612
050 ## - LIBRARY OF CONGRESS CALL NUMBER
Classification number RC 600 Aut
100 ## - MAIN ENTRY--PERSONAL NAME
Personal name Rose, Noel R
245 14 - TITLE STATEMENT
Title The autoimmune diseases
Statement of responsibility, etc. By Noel R. Rose [and] Ian R. Mackay
250 ## - EDITION STATEMENT
Edition statement 4th ed.
260 ## - PUBLICATION, DISTRIBUTION, ETC.
Place of publication, distribution, etc. Amsterdam:
Name of publisher, distributor, etc. Academic Press/Elsevier
Date of publication, distribution, etc. 2006
300 ## - PHYSICAL DESCRIPTION
Extent xxv, 1134p.: ill.
350 ## -
-- 225.00
650 ## - SUBJECT ADDED ENTRY--TOPICAL TERM
Topical term or geographic name entry element AUTOIMMUNE DISEASES
995 ## -
-- MEDICAL LIBRARY OPEN ACCESS
-- 903205
-- CBU-SCHOOL OF MEDICINE LIBRARY (Ndola)
-- 225.00
-- RC 600 Aut
-- 1
-- AVAILABLE
-- Jan 19, 2016
-- 903205
-- Medical Library Open Access Collection
999 ## -
-- 30808
-- 30808
Holdings
Withdrawn status Lost status Source of classification or shelving scheme Damaged status Not for loan Permanent Location Current Location Shelving location Date acquired Total Checkouts Full call number Barcode Date last seen Price effective from Koha item type
          CBU-SCHOOL OF MEDICINE LIBRARY, NDOLA. CBU-SCHOOL OF MEDICINE LIBRARY, NDOLA.   11/30/2022   RC 600 Aut 903205 11/30/2022 11/30/2022 MONOGRAPH